(Vocaloid) All Project Diva Mega Mix+ songs - Statistics

General Stats
  • This quiz has been taken 214 times
  • The average score is 39 of 251
Answer Stats
Hint Answer % Correct
BG Melt
70%
BG Rolling Girl
63%
BG The World is Mine
62%
BG Roshin Yukai
61%
BG Ghost Rule
57%
BG Po Pi Po
56%
BG Romeo and Cinderella
53%
BG Luka Luka ⭐ Night Fever
51%
DLC Senbonzakura
50%
BG Senbonzakura -F edition-
50%
BG The Disappearance of Hatsune Miku
48%
BG The Intense Voice of Hatsune Miku
47%
BG 39
45%
BG Butterfly on Your Right Shoulder
44%
DLC Butterfly on Your Right Shoulder -39's Giving Day Edition-
44%
BG Cantarella
43%
BG Magnet
43%
BG World’s End Dance Hall -Live Dance Edition-
42%
BG Kokoro
39%
BG Electric Angel
38%
BG Snowman
38%
BG Tell Your World
36%
BG 39 Music!
35%
BG HIBANA
34%
BG Unhappy Refrain
34%
BG Deep Sea Girl
33%
BG 1925
32%
BG Nostalogic
32%
BG Remote Controller
32%
BG Teo
32%
BG Ageage Again
30%
BG Love is War
30%
BG Tokyo Teddy Bear
30%
BG ACUTE
29%
BG Rin-chan Now!
29%
BG Blackjack
28%
BG Black ⭐ Rock Shooter
28%
BG BRING IT ON
28%
BG Just Be Friends
28%
BG Roki
28%
BG Alien Alien
26%
BG Cendrillion
26%
BG On The Rocks
26%
BG Nyanyanyanyanyanyanya!
25%
BG The Snow White Princess is...
25%
BG Adolescence
24%
BG Aikotoba
24%
BG Catch The Wave
24%
BG Cat Food
24%
BG Miracle Paint
24%
BG Arifureta Sekai Seifuku
23%
BG Change Me
23%
BG Fire ⭕ Flower
23%
BG Freely Tomorrow
23%
BG Odds & Ends
23%
BG Sweet Magic
23%
BG Weekender Girl
23%
BG 1/6 -out of the gravity
22%
BG Piano X Forte X Scandal
22%
BG Sadistic.Music♾Factory
22%
BG Tengaku
22%
BG Sweet Devil
21%
BG JITTERBUG
20%
BG Ashes to Ashes
19%
BG Decorator
19%
BG Gaikotsu Gakudan to Riria
19%
BG I’ll Miku-Miku You🎵 (For Reals)
19%
BG Karakuri Pierrot
19%
BG Knife
19%
BG Melancholic
19%
BG Paradichlorobenzene
19%
BG Secret Police
19%
BG Black Gold
18%
BG Clover ♣ Club
18%
BG Envy Cat Walk
18%
BG *Hello Planet
18%
BG Summer Idol
18%
BG AFTER BURNER
17%
BG Break It, Break It!
17%
BG Deep Sea City Underground
17%
BG Double Lariat
17%
BG Hand in Hand
17%
BG Hibikase
17%
BG Look This Way, Baby
17%
BG NekoMimi Archive
17%
BG NekoMimi Switch
17%
BG Oodeo Julianight
17%
BG This is the Happiness and Peace of Mind Committee
17%
BG Time Machine
17%
BG Two-Sided Lovers
17%
BG Yellow
17%
BG Akatsuki Arrival
16%
BG Dreamin Chuchu
16%
BG LIKE THE WIND
16%
BG Nice To Meet You, Mr. Earthling
16%
BG RinRin Signal -Append Mix-
16%
BG Amatsu Kitsune
15%
BG Erase or Zero
15%
BG Hello, Worker
15%
BG shake it!
15%
BG Colorful X Melody
14%
BG Colorful X Sexy
14%
BG Gigantic Girl
14%
BG Glasses
14%
BG Kimi No Taion
14%
BG Last Night, Good Night
14%
BG Love-Hate
14%
BG Thousand Year Solo (DIVA Edit)
14%
BG Yumeyume
14%
DLC Absolunote
13%
BG Hm? Ah, Yes.
13%
BG Meteor
13%
BG No Logic
13%
BG Palette
13%
BG Sound
13%
BG Tricolore Airline
13%
BG 2D Dream Fever
12%
BG Dream-Eating Monochrome Baku
12%
BG Gemini
12%
BG Leia
12%
DLC Pane dhiria
12%
BG Saihate
12%
BG Suna No Wakusei feat. Hatsune Miku
12%
BG The First Sound
12%
BG Two Breaths Walking
12%
DLC Betty the Liar
11%
BG Dear
11%
BG Dramaturgy
11%
BG Jigsaw Puzzle
11%
BG Mousou Sketch
11%
BG Negaposi*Continues
11%
DLC Oha-Yo-del!!
11%
BG Promise
11%
BG Stardust Utopia
11%
BG World's End Umbrella
11%
DLC A Song Of Wastelands, Forests And Magic
10%
DLC Beware of the Miku Miku Germs🎵
10%
BG Close and Open, Demons and The Dead
10%
BG Doubleganger
10%
BG DYE
10%
BG from Y to Y
10%
BG Greenlights Serenade
10%
BG Interviewer
10%
DLC Iroha Uta
10%
DLC Kagamine HachiHachi Flower Fight
10%
BG Love-Colored Ward
10%
BG PIANO*GIRL
10%
BG SING&SMILE
10%
BG Soundless Voice
10%
BG SPiCa -39's Giving Day Edition-
10%
BG VOC@LOID in Love
10%
BG When First Love Ends
10%
BG Denparadigm
9%
DLC Equation+**
9%
DLC Gothic and Loneliness ~I'm the very Diva~
9%
BG Kipple Industry Inc.
9%
BG LOL -lots of laugh-
9%
DLC moon
9%
BG Packaged
9%
BG Solitude's End
9%
DLC Solitude's End -extend edition-
9%
BG Starduster
9%
BG Systematic Love
9%
BG The MMORPG Addict's Anthem
9%
BG VOiCE -DIVA MIX-
9%
BG What Do You Mean!?
9%
BG Bless Your Breath
8%
DLC Disruptive Diva
8%
DLC Francisca
8%
DLC Kimi Ni
8%
BG Lover's Suicide Oblivion
8%
DLC melody...
8%
BG Monochrome ♾ Blue Sky
8%
DLC Now Choose
8%
DLC Out of Eden
8%
BG Paris Cinema Girl
8%
BG Puzzle
8%
BG Rosary Pale
8%
BG Wintry Winds
8%
BG Finder (DSLR remix -re:edit)
7%
BG Grumpy Waltz
7%
DLC Innocence
7%
DLC Lucid Dreaming
7%
DLC Meiteki Cybernetics
7%
BG Pinky Swear
7%
BG Sakura no Ame
7%
DLC Song of Life
7%
BG StargazeR
7%
BG Star Story
7%
BG Stay with me
7%
DLC Dear Cocoa Girls
6%
BG Electrosaturator
6%
DLC Idol Radio (Game Edit)
6%
DLC Iya Iya Seijin
6%
DLC Jaded
6%
DLC Master of Puppets
6%
DLC Nightmare ⭐ Party Night
6%
BG Quartet of Multiple Futures -Quartet Theme-
6%
DLC Sayonara, Goodbye
6%
DLC Soiyassa!!
6%
BG The secret garden
6%
DLC The Star Maker
6%
DLC The Two of Us – Futaride
6%
BG Torinokocity
6%
DLC Velvet Arabesque
6%
BG Continuing Dream
5%
DLC Far Away
5%
BG God-Tier Tune
5%
DLC How'd It Get To Be Like This?
5%
DLC Jugemu Sequencer
5%
DLC Love's note
5%
BG Marginal
5%
DLC Mellow Yellow
5%
DLC One-Sided Love Samba
5%
DLC Pink Moon
5%
BG Though My Song Has No Form
5%
DLC Time Limit
5%
DLC Updating My Love List?
5%
DLC ZIGG-ZAGG
5%
DLC Gizmo
4%
DLC Here Comes Karakasa-san
4%
DLC High School Days -DIVA EDIT
4%
DLC Holy Star -2010 DIVA mix-
4%
DLC Perico Space Shipper
4%
DLC Requiem for the Phantasma
4%
DLC slump
4%
DLC SYMPHONIC DIVE – DIVA FT edit –
4%
BG Terekakushi Shishunki
4%
DLC That One Second in Slow Motion
4%
DLC To the End of Infinity
4%
DLC Wolf Girl
4%
DLC Break;down
3%
DLC Dance of Many
3%
DLC Dreaming Leaf
3%
BG Glory 3usi9
3%
DLC Magical Sound Shower
3%
DLC Rain With a Chance of Sweet*Drops
3%
BG Sekiranun Graffiti
3%
DLC Song of Eternity -DIVAMIX-
3%
DLC Starlite⭐Lydian
3%
DLC Hanamai Tsukuyomi Tan
2%
BG I'm Your Diva
2%
DLC maigo life
2%
DLC Step Forward
2%
BG Strobo Nights
2%
DLC Knigth of Light
1%
DLC Let Me Lose Myself in The Black Note
1%
DLC So Much Loving You⭐ -DIVA Edit-
1%
DLC I Really Do Understand
0%
DLC Transparent Watercolors
0%
DLC Travel to The Other Side of The Moon
0%
No matching quizzes found
Score Distribution
Percent of People with Each Score
Percentile by Number Answered
Your Score History
You have not taken this quiz